Estadísticas para Campeones de la Copa Libertadores de América

Haz click aquí para tomar la prueba!

Estadísticas generales

  • Esta prueba ha sido tomada 460 veces
  • La puntuación promedio es 20 de 25

Estadísticas de respuestas

Veces campeónEquipo% Correcto
6Boca Juniors
99%
4River Plate
99%
2Flamengo
94%
7Independiente
94%
3Nacional
92%
5Peñarol
91%
1Palmeiras
89%
1Racing Club
88%
1San Lorenzo
88%
1Colo Colo
85%
4Estudiantes
84%
3Santos
83%
3Olimpia
80%
3Gremio
79%
2Atlético Nacional
78%
3Sao Paulo
78%
1Velez Sarsfield
75%
1Argentinos Juniors
73%
1Corinthians
71%
1Liga de Quito
71%
1Once Caldas
71%
2Internacional
70%
1Atletico Mineiro
68%
2Cruzeiro
64%
1Vasco da Gama
53%

Distribución de puntuación

Porcentaje por número respondido

Porcentaje de gente con cada puntuación

Historial de tus puntuaciones

No has tomado esta prueba